000 00780nam a2200241 a 4500
001 000040355
005 20201002034059.0
008 130821s2005 mx a r 000 0 spa d
020 _a9703223796
040 _aDO-SdBNP
_bspa
_cBNPHU
082 _axxxx
_bxxxx
100 1 _aValle-Arizpe, Artemio de,
_d1914-
_966654
245 1 3 _aAmor que cayó en castigo /
_cAdalberto Ortiz.
260 _aMéxico :
_bUniversidad Nacional Autónoma de México,
_c2005.
300 _a43 p. ;
_c22 cm.
490 1 _aLunes
_v17
500 _aIncluye datos biográficos del autor p. 2
533 _aFacsímil:
_bMéxico
_d1945
590 _aInventariado, 2019/BT
700 1 _aBeltrán, Alberto
_966628
710 0 _aUniversidad Nacional Autónoma de México
_942447
830 0 _aLunes
_n17
_966655
999 _c39845
_d39845